<?xml version="1.0" encoding="UTF-8"?><?xml-stylesheet type="text/xsl" href="static/style.xsl"?><OAI-PMH xmlns="http://www.openarchives.org/OAI/2.0/" xmlns:xsi="http://www.w3.org/2001/XMLSchema-instance" xsi:schemaLocation="http://www.openarchives.org/OAI/2.0/ http://www.openarchives.org/OAI/2.0/OAI-PMH.xsd"><responseDate>2026-04-29T04:09:41Z</responseDate><request verb="GetRecord" identifier="oai:repisalud.isciii.es:20.500.12105/23809" metadataPrefix="marc">https://repisalud.isciii.es/rest/oai/request</request><GetRecord><record><header><identifier>oai:repisalud.isciii.es:20.500.12105/23809</identifier><datestamp>2024-11-29T07:55:33Z</datestamp><setSpec>com_20.500.12105_15322</setSpec><setSpec>com_20.500.12105_2051</setSpec><setSpec>col_20.500.12105_16967</setSpec></header><metadata><record xmlns="http://www.loc.gov/MARC21/slim" xmlns:dcterms="http://purl.org/dc/terms/" xmlns:doc="http://www.lyncode.com/xoai" xmlns:xsi="http://www.w3.org/2001/XMLSchema-instance" xsi:schemaLocation="http://www.loc.gov/MARC21/slim http://www.loc.gov/standards/marcxml/schema/MARC21slim.xsd">
   <leader>00925njm 22002777a 4500</leader>
   <datafield ind2=" " ind1=" " tag="042">
      <subfield code="a">dc</subfield>
   </datafield>
   <datafield ind2=" " ind1=" " tag="720">
      <subfield code="a">Escobar-Salom, María</subfield>
      <subfield code="e">author</subfield>
   </datafield>
   <datafield ind2=" " ind1=" " tag="720">
      <subfield code="a">Barceló, Isabel María</subfield>
      <subfield code="e">author</subfield>
   </datafield>
   <datafield ind2=" " ind1=" " tag="720">
      <subfield code="a">Rojo-Molinero, Estrella</subfield>
      <subfield code="e">author</subfield>
   </datafield>
   <datafield ind2=" " ind1=" " tag="720">
      <subfield code="a">Jordana-Lluch, Elena</subfield>
      <subfield code="e">author</subfield>
   </datafield>
   <datafield ind2=" " ind1=" " tag="720">
      <subfield code="a">Cabot, Gabriel</subfield>
      <subfield code="e">author</subfield>
   </datafield>
   <datafield ind2=" " ind1=" " tag="720">
      <subfield code="a">Oliver, Antonio</subfield>
      <subfield code="e">author</subfield>
   </datafield>
   <datafield ind2=" " ind1=" " tag="720">
      <subfield code="a">Juan, Carlos</subfield>
      <subfield code="e">author</subfield>
   </datafield>
   <datafield ind2=" " ind1=" " tag="260">
      <subfield code="c">2024-03-05</subfield>
   </datafield>
   <datafield ind2=" " ind1=" " tag="520">
      <subfield code="a">The use of immune compounds as antimicrobial adjuvants is a classic idea recovering timeliness in the current antibiotic resistance scenario. However, the activity of certain antimicrobial peptides against ESKAPE Gram-negatives has not been sufficiently investigated. The objective of this study was to determine the activities of human defensins HNP-1 and hBD-3 alone or combined with permeabilizing/peptidoglycan-targeting agents against clinical ESKAPE Gram-negatives [Acinetobacter baumannii (AB), Enterobacter cloacae (EC), Klebsiella pneumoniae (KP), and acute/chronic Pseudomonas aeruginosa (PA)]. Lethal concentrations (LCs) of HNP-1 and hBD-3 were determined in four collections of multidrug resistant EC, AB, KP, and PA clinical strains (10-36 isolates depending on the collection). These defensins act through membrane permeabilization plus peptidoglycan building blockade, enabling that alterations in peptidoglycan recycling may increase their activity, which is why different recycling-defective mutants were also included. Combinations with physiological lysozyme and subinhibitory colistin for bactericidal activities determination, and with meropenem for minimum inhibitory concentrations (MICs), were also assessed. HNP-1 showed undetectable activity (LC > 32 mg/L for all strains). hBD-3 showed appreciable activities: LC ranges 2-16, 8-8, 8->32, and 8->32 mg/L for AB, EC, KP, and PA, being PA strains from cystic fibrosis significantly more resistant than acute origin ones. None of the peptidoglycan recycling-defective mutants showed greater susceptibility to HNP-1/hBD-3. Combination with colistin or lysozyme did not change their bactericidal power, and virtually neither did meropenem + hBD-3 compared to meropenem MICs. This is the first study comparatively analyzing the HNP-1/hBD-3 activities against the ESKAPE Gram-negatives, and demonstrates interesting bactericidal capacities of hBD-3 mostly against AB and EC.</subfield>
   </datafield>
   <datafield ind1="8" ind2=" " tag="024">
      <subfield code="a">Escobar-Salom M, Barceló IM, Rojo-Molinero E, Jordana-Lluch E, Cabot G, Oliver A, et al. In vitro activity of human defensins HNP-1 and hBD-3 against multidrug-resistant ESKAPE Gram-negatives of clinical origin and selected peptidoglycan recycling-defective mutants. Papp-Wallace KM, editor. Microbiol Spectr. 2024 Mar 5.</subfield>
   </datafield>
   <datafield ind1="8" ind2=" " tag="024">
      <subfield code="a">https://hdl.handle.net/20.500.13003/20230</subfield>
   </datafield>
   <datafield ind1="8" ind2=" " tag="024">
      <subfield code="a">https://hdl.handle.net/20.500.12105/23809</subfield>
   </datafield>
   <datafield ind1="8" ind2=" " tag="024">
      <subfield code="a">38441982</subfield>
   </datafield>
   <datafield ind1="8" ind2=" " tag="024">
      <subfield code="a">10.1128/spectrum.00358-24</subfield>
   </datafield>
   <datafield ind1="8" ind2=" " tag="024">
      <subfield code="a">10.1128/spectrum.00358-24</subfield>
   </datafield>
   <datafield ind1="8" ind2=" " tag="024">
      <subfield code="a">2165-0497</subfield>
   </datafield>
   <datafield ind1="8" ind2=" " tag="024">
      <subfield code="a">Microbiology spectrum</subfield>
   </datafield>
   <datafield ind2="0" ind1="0" tag="245">
      <subfield code="a">In vitro activity of human defensins HNP-1 and hBD-3 against multidrug-resistant ESKAPE Gram-negatives of clinical origin and selected peptidoglycan recycling-defective mutants</subfield>
   </datafield>
</record></metadata></record></GetRecord></OAI-PMH>